[Event "VIE-chT (Women)"]
[Site "Ho Chi Minh City"]
[Date "2017.07.27"]
[Round "6.41"]
[White "Huynh, Ngoc Nhu Y"]
[Black "Nguyen, Thi Minh Han"]
[Result "0-1"]
[WhiteElo "1889"]
[BlackElo "1926"]
[PlyCount "66"]
[EventDate "2017.07.24"]
[EventType "team-swiss"]
[EventRounds "9"]
[EventCountry "VIE"]
[SourceTitle "EXT 2019"]
[Source "ChessBase"]
[SourceDate "2018.10.10"]
[SourceVersion "1"]
[SourceVersionDate "2018.10.10"]
[SourceQuality "1"]

1. e4 e5 2. Nf3 Nc6 3. Bc4 Nf6 4. Nc3 Nxe4 5. 0-0 Nxc3 6. dxc3 Be7 7. Qd5 0-0 8. Nxe5 Nxe5 9. Qxe5 d6 10. Qg3 Bh4 11. Qe3 Re8 12. Qf4 Qf6 13. Qd2 Qg6 14. Qd3 Bf5 15. Qf3 c6 16. Bd3 Bxd3 17. cxd3 Re6 18. Bd2 Bg5 19. Bxg5 Qxg5 20. Rfe1 Rf8 21. Re4 Rfe8 22. Rf1 Rxe4 23. dxe4 d5 24. Re1 dxe4 25. Qh3 Qd2 26. Kf1 g6 27. g3 Qxb2 28. Qd7 Qb5+ 29. Kg1 Rf8 30. Rxe4 Qb1+ 31. Kg2 Qxe4+ 32. Kh3 Qf5+ 33. Qxf5 gxf5 0-1